| 000 | 00925cam a2200241 i 4500 | ||
|---|---|---|---|
| 005 | 20260129094722.0 | ||
| 008 | 250721s2009 jo gr 000 0 ara d | ||
| 020 | _a9957076085 | ||
| 041 | 1 |
_aara _heng |
|
| 082 | 1 | 4 |
_a370.15 _bك ر و |
| 100 | 1 |
_aكروكر، ليندا _eمؤلف> |
|
| 245 | 1 | 0 |
_aمدخل إلى نظرية القياس التقليدية و المعاصرة / _cتأليف ليندا كروكر، جيمز الجينا ؛ ترجمة د. زينات يوسف دعنا. |
| 250 | _aالطبعة الاولى. | ||
| 264 | 3 | 1 |
_aعمان : _bدار الفكر، _c2009. |
| 300 | _a680صفحة. | ||
| 650 | 1 | 7 | _aعلم النفس التربوي. |
| 650 | 1 | 7 | _aقياس التحصيل. |
| 650 | 1 | 7 | _aمؤشرات الانجاز. |
| 700 | 1 |
_aالجينا، جيمس _eمؤلف. |
|
| 700 | 1 |
_aدعنا، زينات يوسف _eمترجم. |
|
| 942 |
_2ddc _cBK |
||
| 999 |
_c117151 _d117151 |
||